Developments in applied spectroscopy (Record no. 2991)

MARC details
000 -LEADER
fixed length control field 00629nam a2200193Ia 4500
003 - CONTROL NUMBER IDENTIFIER
control field IN-BaIIA
008 - FIXED-LENGTH DATA ELEMENTS--GENERAL INFORMATION
fixed length control field 211028s9999 xx 000 0 eng d
040 ## - CATALOGING SOURCE
Transcribing agency IIA Library
080 ## - UNIVERSAL DECIMAL CLASSIFICATION NUMBER
Universal Decimal Classification number 047.1:535.33
Item number DEV-4
245 #0 - TITLE STATEMENT
Title Developments in applied spectroscopy
Remainder of title vol. 4
Statement of responsibility, etc. edited by Elwin, N. Davis
260 ## - PUBLICATION, DISTRIBUTION, ETC.
Place of publication, distribution, etc. New York
Name of publisher, distributor, etc. Plenum Press
Date of publication, distribution, etc. 1965
300 ## - PHYSICAL DESCRIPTION
Extent xi, 546p.
650 ## - SUBJECT ADDED ENTRY--TOPICAL TERM
Topical term or geographic name entry element Absorption spectroscopy
9 (RLIN) 1788
650 ## - SUBJECT ADDED ENTRY--TOPICAL TERM
Topical term or geographic name entry element Astronomy and Astrophysics Thesaurus
650 ## - SUBJECT ADDED ENTRY--TOPICAL TERM
Topical term or geographic name entry element Optical spectroscopy
9 (RLIN) 5318
650 ## - SUBJECT ADDED ENTRY--TOPICAL TERM
Topical term or geographic name entry element Spectroscopy
9 (RLIN) 1535
700 ## - ADDED ENTRY--PERSONAL NAME
Personal name Davis, Elwin, N., ed.
9 (RLIN) 5319
942 ## - ADDED ENTRY ELEMENTS (KOHA)
Koha item type Books
Holdings
Withdrawn status Lost status Damaged status Not for loan Home library Current library Shelving location Date acquired Cost, normal purchase price Total Checkouts Full call number Barcode Date last seen Cost, replacement price Price effective from Koha item type Purchase Price
        IIA Library-Bangalore IIA Library-Bangalore General Stacks 21/11/1967 133.20   047.1:535.33/ DEV-4 3322 05/11/2021 133.20 21/11/1967 Books Rs. 133.20

Powered by Koha